Basic grammar in use. (Record no. 33991)
[ view plain ]
| 000 -CABECERA | |
|---|---|
| campo de control de longitud fija | 00709nam a22002417a 4500 |
| 003 - IDENTIFICADOR DEL NÚMERO DE CONTROL | |
| campo de control | OSt |
| 005 - FECHA Y HORA DE LA ÚLTIMA TRANSACCIÓN | |
| campo de control | 20191015101239.0 |
| 008 - DATOS DE LONGITUD FIJA--INFORMACIÓN GENERAL | |
| campo de control de longitud fija | 191015b xxu||||| |||| 00| 0 spa d |
| 020 ## - ISBN | |
| Número Internacional Estándar del Libro | 978-1-316-64674-8 |
| 040 ## - FUENTE DE LA CATALOGACIÓN | |
| Centro/agencia transcriptor | Biblioteca Ernesto Sábato |
| 092 ## - SIGNATURA TOPOGRÁFICA | |
| Número de clasificación | 425.076 |
| Libristica | M978b |
| 100 ## - Autor Personal | |
| Nombre de persona | Murphy, Raymond |
| 245 ## - MENCIÓN DE TÍTULO | |
| Título | Basic grammar in use. |
| Resto del título | Self-study reference and practice for students of American English |
| 250 ## - MENCIÓN DE EDICIÓN | |
| Mención de edición | 4a. ed. |
| 260 ## - PUBLICACIÓN, DISTRIBUCIÓN, ETC. (PIE DE IMPRENTA) | |
| Lugar de publicación, distribución, etc. | New York |
| Nombre del editor, distribuidor, etc. | Cambridge University Press |
| Fecha de publicación, distribución, etc. | 2017 |
| 300 ## - DESCRIPCIÓN FÍSICA | |
| Paginas | 306 p |
| 500 ## - NOTA GENERAL | |
| Nota general | With answers and ebook |
| 650 ## - Descriptores Tematicos | |
| Término de materia o nombre geográfico como elemento inicial | INGLES-GRAMATICA |
| 650 ## - Descriptores Tematicos | |
| Término de materia o nombre geográfico como elemento inicial | EJERCICIOS DE GRAMATICA |
| 700 ## - Coautores y traductores | |
| Nombre de persona | William R. Smalzer |
| 700 ## - Coautores y traductores | |
| Nombre de persona | Joseph Chapple |
| 942 ## - ELEMENTOS DE PUNTO DE ACCESO ADICIONAL (KOHA) | |
| Fuente del sistema de clasificación o colocación | Dewey Decimal Classification |
| Tipo de ítem Koha | BDGR |
| Estado de retiro | Estado de pérdida | Fuente del sistema de clasificación o colocación | Estado dañado | No para préstamo | Localización permanente | Ubicación/localización actual | Fecha de adquisición | Número de inventario | Total de préstamos | Signatura topográfica completa | Código de barras | Fecha visto por última vez | Fecha del último préstamo | Precio válido a partir de | Tipo de ítem Koha |
|---|---|---|---|---|---|---|---|---|---|---|---|---|---|---|---|
| Dewey Decimal Classification | Biblioteca Ernesto Sabato - FADECS - UNCOMA | Biblioteca Ernesto Sabato - FADECS - UNCOMA | 15/10/2019 | 06739 | 4 | 425.076 M978b | 06739 | 30/09/2024 | 18/09/2024 | 15/10/2019 | BDGR |